Štúdium potenciálnych zmien v bunkových procesoch po ovplyvnení novosyntetizovanými zlúčeninami na leukemických bunkových líniách s rôznou expresiou P-glykoproteínu

Saved in:
Bibliographic Details
Main Author: Dostálková, Natália (Author)
Other Authors: Šofranková, Lucia (Thesis advisor)
Format: Manuscript Book
Language:Slovak
Published: 2025
Subjects:
Online Access:http://is.stuba.sk/zp/portal_zp.pl?podrobnosti=183479
Tags: Add Tag
No Tags, Be the first to tag this record!

MARC

LEADER 00000ntm a22000003a 4500
001 stuzp104730
003 SK-STU
005 20250607210750.6
007 ta
008 150427s2015----xo-----f-mn---000-0-slo-d
040 |a STU  |b slo 
041 0 |a slo 
100 1 |a Dostálková, Natália  |u 043000  |4 aut  |U FCHPT Fakulta chemickej a potravinárskej technológie  |T FCHPT Ústav biochémie a mikrobiológie  |X 112270  |U C3000  |Y 101  |7 112270 
242 0 1 |a Study of potential changes in cellular processes after exposure to newly synthesized compounds in leukemia cell lines with different P-glycoprotein expression  |y eng 
245 1 0 |a Štúdium potenciálnych zmien v bunkových procesoch po ovplyvnení novosyntetizovanými zlúčeninami na leukemických bunkových líniách s rôznou expresiou P-glykoproteínu 
260 |c 2025 
650 4 |a amantadine derivatives  |2 eng 
650 4 |a acute myeloid leukemia  |2 eng 
650 4 |a P-glycoprotein  |2 eng 
650 4 |a multidrug resistance  |2 eng 
650 4 |a akútna myeloidná leukémia  |2 slo 
650 4 |a P-glykoproteín  |2 slo 
650 4 |a viaclieková rezistencia  |2 slo 
650 4 |a deriváty amantadínu  |2 slo 
700 1 |a Šofranková, Lucia  |u 043000  |k Z8  |4 ths  |U FCHPT Fakulta chemickej a potravinárskej technológie  |T FCHPT Ústav biochémie a mikrobiológie  |X 81622  |U C3000  |Y 101  |7 81622 
856 4 |u http://is.stuba.sk/zp/portal_zp.pl?podrobnosti=183479